000 00644nam a22002537a 4500
003 UA-OsUOA
001 67378
007 ta
008 20100222b un ||||| |||| 00| 0 ukr d
090 _a330
_bС69
942 _cMG
040 _aUA-OsUOA
_bukr
_cUA-OsUOA
_dUA-OsUOA
245 _aСоціальна політика
_cГол. ред. Захаорв В.А.
300 _a65 с.
955 _a1
041 _aukr
080 _a330
260 _aК.
246 3 1 _aПроблеми. Коментарі. Відповіді
_n
044 _aUA
962 _a2007
099 _a96377
650 7 _a330 Економіка взагалі
_2UDC
999 _c353761
_d353761